Benevolent discrimination: Explaining how human resources professionals can be blind to the harm of diversity initiatives (Record no. 510909)

000 -LEADER
fixed length control field 02044nam a2200181 4500
008 - FIXED-LENGTH DATA ELEMENTS--GENERAL INFORMATION
fixed length control field 190904b ||||| |||| 00| 0 eng d
100 ## - MAIN ENTRY--PERSONAL NAME
Personal name Romani, Laurence
245 ## - TITLE STATEMENT
Title Benevolent discrimination: Explaining how human resources professionals can be blind to the harm of diversity initiatives
260 ## - PUBLICATION, DISTRIBUTION, ETC. (IMPRINT)
Date of publication, distribution, etc 2019
300 ## - PHYSICAL DESCRIPTION
Extent p.371-390.
520 ## - SUMMARY, ETC.
Summary, etc This article contributes to critical diversity management studies by exploring how human resources professionals do not see that the diversity measures they initiate can contribute to the reproduction of inequalities. We argue that framing such practices as benevolent obscures the fact that they are discriminatory acts. Drawing on the concept of benevolent discrimination, we conceptualise it along three dimensions: (1) a well-intended effort to address discrimination within (2) a social relationship that constructs the others as inferior and in need of help, which is granted with (3) the expectation that they will accommodate into the existing hierarchical order. Benevolent discrimination is a subtle and structural form of discrimination that is difficult to see for those performing it, because it frames their action as positive, in solidarity with the (inferior) other who is helped, and within a hierarchical order that is taken for granted. We develop the concept of benevolent discrimination building on an in-depth qualitative case study of a Swedish organisation that is believed to be exemplary in its engagement in diversity management initiatives. The organisation is however swayed by an inequality regime based on the intersection of class and ethnicity. We argue that it is precisely because human resources professionals frame their actions as acts of benevolence that they cannot see how they take part in organisational discrimination. - Reproduced.
650 ## - SUBJECT ADDED ENTRY--TOPICAL TERM
Topical term or geographic name as entry element Diversity management
9 (RLIN) 9649
700 ## - ADDED ENTRY--PERSONAL NAME
Personal name Holock, Lotte
9 (RLIN) 9650
700 ## - ADDED ENTRY--PERSONAL NAME
Personal name Risberg, Annette
9 (RLIN) 9651
773 ## - HOST ITEM ENTRY
Main entry heading Organization
906 ## - LOCAL DATA ELEMENT F, LDF (RLIN)
Subject DIP Human resource management
942 ## - ADDED ENTRY ELEMENTS (KOHA)
Source of classification or shelving scheme
Item type Articles
Holdings
Withdrawn status Lost status Source of classification or shelving scheme Damaged status Not for loan Permanent location Current location Date acquired Serial Enumeration / chronology Barcode Date last seen Koha item type
          Indian Institute of Public Administration Indian Institute of Public Administration 2019-09-04 26(3), May, 2019: p.371-390. AR120747 2019-09-04 Articles

Powered by Koha